Statystyki dla Stolice Regionów - Włochy

Kliknij tutaj aby rozwiązać quiz!

Ogólne statystyki

  • Ten quiz został rozwiązany 530 razy
  • Średni wynik to 12 z 20

Statystyki odpowiedzi

RegionStolica% Poprawnych
LacjumRzym
96%
LombardiaMediolan
94%
Wenecja EuganejskaWenecja
94%
PiemontTuryn
92%
KampaniaNeapol
89%
SycyliaPalermo
88%
ToskaniaFlorencja
87%
ApuliaBari
81%
Emilia-RomaniaBolonia
73%
LiguriaGenua
71%
SardyniaCagliari
68%
Friuli-Wenecja JulijskaTriest
56%
Trydent-Górna AdygaTrydent
48%
Dolina AostyAosta
39%
UmbriaPerugia
35%
MarcheAnkona
27%
BasilicataPotenza
21%
KalabriaCatanzaro
20%
MoliseCampobasso
19%
AbruzjaL'Aquila
19%

Rozkład punktacji

Percentyl według liczby udzielonych odpowiedzi

Procent ludzi z każdym wynikiem

Twoja historia wyników

Nie rozwiązałeś tego quizu